000 00727nam a2200169 u 4500
005 20210219163900.0
008 190605s2013 r 000 0 eng d
035 _aUPN01000230988
049 _aAV
050 4 _a(POR ADQUIRIR)
245 1 0 _aAntropovisiones /
_cdir. Victoria Novelo.
260 _aMéxico :
_bCIESAS,
_c2013.
300 _a4 CD-ROM ; 4 3/4
505 8 _aContenido:
_gDVD-1
_tEl secreto del alcohol. El yalalteco nunca se acaba
_gDVD-2
_tLa calle de los niños. Camaristas. Autorretratos indígenas
_gDVD-3
_tHistorias de gente grande. Lacandona, medio siglo de sueños
_gDVD-4
_tMexicanerías. Construyendo el México típico. Trabajo de campo en tiempos violentos
905 _aAudiovisuales
999 _c203083
_d203083